| 000 | 00435nam a22001457a 4500 | ||
|---|---|---|---|
| 082 |
_a516.3 _bWEX _cL-2, P-25 |
||
| 100 |
_aWexler, Charles _939403 |
||
| 245 |
_aAnalytic geometry a vector approach _cWexler, Charles |
||
| 260 |
_aJapan _bAddison wesley publishing company, inc _c1964 |
||
| 300 | _ax, 291 p.: | ||
| 526 |
_a0 _b0 _c0 _d516_300000000000000_WEX |
||
| 650 |
_aMCE _9379 |
||
| 700 |
_aWexler, Charles _939403 |
||
| 942 |
_2ddc _cBK |
||
| 999 |
_c543903 _d543903 |
||